00242nam a2200109Ia 4500008004100000100001900041245001500060260002300075650001000098942000700108999001700115190216s9999||||xx |||||||||||||| ||und|| aPranab Bardhan 0aHaijacking bC I C C Book House aNovel cBK c26510d26510